Secret seven fireworks / (Record no. 13164)

MARC details
000 -LEADER
fixed length control field 03632nam a22005177a 4500
001 - CONTROL NUMBER
control field B-265799-818
003 - CONTROL NUMBER IDENTIFIER
control field dpl
005 - DATE AND TIME OF LATEST TRANSACTION
control field 20080716114521.0
008 - FIXED-LENGTH DATA ELEMENTS--GENERAL INFORMATION
fixed length control field 080530t xxu||||| |||| 00| 0 eng d
010 ## - LIBRARY OF CONGRESS CONTROL NUMBER
LC control number B-265799-818
020 ## - INTERNATIONAL STANDARD BOOK NUMBER
International Standard Book Number 0340893176
Terms of availability 60.00
035 ## - SYSTEM CONTROL NUMBER
System control number B-265799-818
037 ## - SOURCE OF ACQUISITION
Source of stock number/acquisition Blue Berry
040 ## - CATALOGING SOURCE
Original cataloging agency DPL
Language of cataloging EN
082 ## - DEWEY DECIMAL CLASSIFICATION NUMBER
Classification number S
100 ## - MAIN ENTRY--PERSONAL NAME
Personal name Blyton, Enid
245 ## - TITLE STATEMENT
Title Secret seven fireworks /
Statement of responsibility, etc by Enid Blyton
260 ## - PUBLICATION, DISTRIBUTION, ETC. (IMPRINT)
Place of publication, distribution, etc London
Name of publisher, distributor, etc Hodder Headline
Date of publication, distribution, etc 2004
270 ## - ADDRESS
City New York
300 ## - PHYSICAL DESCRIPTION
Extent 151p.
Dimensions 18 cm (Hb)
490 ## - SERIES STATEMENT
Series statement The secret seven 11
942 ## - ADDED ENTRY ELEMENTS (KOHA)
Source of classification or shelving scheme Dewey Decimal Classification
Koha item type Children Books
Classification part S
Call number suffix BLY
Holdings
Withdrawn status Lost status Damaged status Not for loan Collection code Home library Current library Date acquired Cost, normal purchase price Total Checkouts Full call number Barcode Date last seen Copy number Cost, replacement price Price effective from Koha item type Total Renewals Date checked out Source of acquisition
Withdrawn       Fiction Andrews Gunj Andrews Gunj 16/07/2008 60.00   S / BLY B-265808 15/09/2008 1 60.00 15/09/2008 Children Books      
        Fiction Central Library Central Library 16/07/2008 60.00 3 S / BLY B-265804 07/01/2023 1 60.00 15/09/2008 Children Books 2 03/01/2023  
        Fiction Jagrati Enclave Jagrati Enclave 16/07/2008 60.00   S / BLY B-265816 15/09/2008 1 60.00 15/09/2008 Children Books      
        Fiction Jor Bagh (Children Lib) Jor Bagh (Children Lib) 16/07/2008 60.00   S / BLY B-265810 15/09/2008 1 60.00 15/09/2008 Children Books      
        Fiction Karol Bagh Karol Bagh 16/07/2008 60.00   S / BLY B-265812 15/09/2008 1 60.00 15/09/2008 Children Books      
        Fiction Mobile Library Mobile Library 02/06/2008 60.00   S / BLY B-265799 15/09/2008 4 60.00 15/09/2008 Children Books      
        Fiction Mobile Library Mobile Library 16/07/2008 60.00   S / BLY B-265800 15/09/2008 4 60.00 15/09/2008 Children Books      
        Fiction Mobile Library Mobile Library 16/07/2008 60.00   S / BLY B-265801 15/09/2008 4 60.00 15/09/2008 Children Books      
        Fiction Mobile Library Mobile Library 16/07/2008 60.00   S / BLY B-265802 15/09/2008 4 60.00 15/09/2008 Children Books      
        Fiction Netaji Nagar Netaji Nagar 16/07/2008 60.00   S / BLY B-265811 15/09/2008 1 60.00 15/09/2008 Children Books      
        Fiction New Police Line New Police Line 16/07/2008 60.00   S / BLY B-265803 15/09/2008 1 60.00 15/09/2008 Children Books      
        Fiction Patel Nagar Patel Nagar 16/07/2008 60.00   S / BLY B-265805 15/09/2008 1 60.00 15/09/2008 Children Books      
        Fiction R.C.Libraries (zls) R.C.Libraries (zls) 16/07/2008 60.00   S / BLY B-265817 15/09/2008 2 60.00 15/09/2008 Children Books      
        Fiction R.C.Libraries (zls) R.C.Libraries (zls) 16/07/2008 60.00   S / BLY B-265818 15/09/2008 2 60.00 15/09/2008 Children Books      
        Fiction R.K.Puram-8 R.K.Puram-8 16/07/2008 60.00   S / BLY B-265807 15/09/2008 1 60.00 15/09/2008 Children Books      
        Fiction Sarojini Nagar Sarojini Nagar 16/07/2008 60.00   S / BLY B-265806 15/09/2008 1 60.00 15/09/2008 Children Books      
        Fiction Shahdara Branch Shahdara Branch 16/07/2008 60.00 4 S / BLY B-265813 23/04/2026 1 60.00 15/09/2008 Children Books   10/04/2026  
        Fiction Sriniwas Puri Sriniwas Puri 16/07/2008 60.00   S / BLY B-265809 15/09/2008 1 60.00 15/09/2008 Children Books      
        Fiction Vigyan Vihar Vigyan Vihar 16/07/2008 60.00 1 S / BLY B-265815 16/03/2021 1 60.00 15/09/2008 Children Books   10/03/2021  
        Fiction Vinoba Puri Vinoba Puri 01/09/2008 60.00 17 S BLY B-284652 30/04/2024 1 60.00 15/09/2008 Children Books 6 06/04/2024 Blueberry/4571/19.8.08/192/21.7.08/19.8.08
        Fiction Yojana Vihar Yojana Vihar 16/07/2008 60.00   S / BLY B-265814 15/09/2008 1 60.00 15/09/2008 Children Books      

© Delhi Public Library
Hit Counter
free hit counter